000 01041nam2a22002411 4500
001 RU\NLR\INFOCOMM9\5000125356
005 20250616233935.0
035 _a(NLR Aleph) 002286005
090 _a4087597
_c4087597
100 _a20051101d2003 |||y0rusy50 ca
101 0 _arus
102 _aRU
105 _ay ||||000|y
200 0 _aТ.2
210 _d2003
_aБ. м.
461 0 _1001RU\NLR\INFOCOMM9\5000125355
_12001#$aПроблемы и перспективы развития химической промышленности на Западном Урале$eСб. науч. тр.$fПерм. гос. техн. ун-т$vТ.2
_94164640
_cПермь
_d2003-
_fПерм. гос. техн. ун-т
_nПГТУ
_oСб. науч. тр.
_tПроблемы и перспективы развития химической промышленности на Западном Урале
_vТ.2
801 1 _aRU
_bInfoComm
_c20051101
801 0 _aRU
_bNLR
_gPSBO
852 _aNLR
_jП10/7451
942 _cISSUE
980 _aNB
980 _aRUSPER